[Event "Madrid ch Veteranos 2223"]
[Site "Madrid ESP"]
[Date "2023.04.18"]
[Round "2.8"]
[White "Viñas Lopez, Carlos"]
[Black "Gonzalez Rivera, Eduardo"]
[Result "1-0"]
[WhiteElo "1853"]
[BlackElo "2026"]
[PlyCount "101"]
[EventDate "2023.04.17"]
[EventType "swiss"]
[EventRounds "9"]
[EventCountry "ESP"]
[SourceTitle "Ajedrez en Madrid"]
[Source "lmi"]
[SourceDate "2023.04.17"]
[SourceVersion "1"]
[SourceVersionDate "2023.05.22"]
[SourceQuality "1"]

1. d4 d5 2. Bf4 Nf6 3. e3 e6 4. Nd2 Bd6 5. Bg3 c5 6. c3 Qc7 7. Ngf3 Nbd7 8. Bd3
O-O 9. Bxd6 Qxd6 10. O-O e5 11. dxe5 Nxe5 12. Nxe5 Qxe5 13. h3 Rd8 14. Qc2 c4
15. Be2 Bf5 16. Qd1 b5 17. Nf3 Qe8 18. Nd4 Bg6 19. b4 a5 20. a3 Ra6 21. Qc1
Rda8 22. Qb2 Qb8 23. Rfc1 Ne8 24. Bg4 Nd6 25. bxa5 Rxa5 26. Nc6 Qb6 27. Nxa5
Qxa5 28. Qb4 Qc7 29. a4 bxa4 30. Rxa4 Rb8 31. Qa5 Qc6 32. Qa6 Qc7 33. Qa5 Qc6
34. Bf3 Be4 35. Bxe4 Nxe4 36. Qa6 Qe8 37. Rb4 Rd8 38. Qb5 Qe5 39. Qb6 Qf6 40.
Qxf6 gxf6 41. Rb5 Kg7 42. f3 Ng3 43. Kf2 Nf5 44. Rd1 Ne7 45. e4 Ra8 46. exd5
Ra2+ 47. Kg1 Nf5 48. d6 Nh4 49. d7 Rxg2+ 50. Kf1 Rc2 51. Rd4 1-0

[Event "Madrid ch Veteranos 2223"]
[Site "Madrid ESP"]
[Date "2023.04.18"]
[Round "2.9"]
[White "Herrero Reques, Sergio"]
[Black "Garcia Martin, Esteban"]
[Result "0-1"]
[WhiteElo "2021"]
[BlackElo "1809"]
[PlyCount "64"]
[EventDate "2023.04.17"]
[EventType "swiss"]
[EventRounds "9"]
[EventCountry "ESP"]
[SourceTitle "Ajedrez en Madrid"]
[Source "lmi"]
[SourceDate "2023.04.17"]
[SourceVersion "1"]
[SourceVersionDate "2023.05.22"]
[SourceQuality "1"]

1. d4 Nf6 2. Nf3 b6 3. c4 Bb7 4. g3 e6 5. Bg2 c5 6. d5 exd5 7. Nh4 g6 8. cxd5
Bg7 9. O-O d6 10. Nc3 O-O 11. Bg5 h6 12. Bd2 a6 13. a4 Nbd7 14. e4 b5 15. axb5
axb5 16. Rxa8 Qxa8 17. Nxb5 Qb8 18. Qa4 Bc8 19. Bc3 Ne5 20. Nxd6 Qxd6 21. f4
Qd7 22. Qa5 Neg4 23. Qxc5 Ba6 24. Ra1 Rc8 25. Qb6 Bd3 26. Qd4 Qb5 27. h3 Rxc3
28. Qxc3 Qb6+ 29. Kh1 Nf2+ 30. Kh2 N6g4+ 31. hxg4 Bxc3 32. bxc3 Nxg4+ 0-1

[Event "Madrid ch Veteranos 2223"]
[Site "Madrid ESP"]
[Date "2023.04.18"]
[Round "2.10"]
[White "Marcos Herrero, Francisco"]
[Black "Ruiz Bellon, Manuel"]
[Result "0-1"]
[WhiteElo "1830"]
[BlackElo "1968"]
[PlyCount "60"]
[EventDate "2023.04.17"]
[EventType "swiss"]
[EventRounds "9"]
[EventCountry "ESP"]
[SourceTitle "Ajedrez en Madrid"]
[Source "lmi"]
[SourceDate "2023.04.17"]
[SourceVersion "1"]
[SourceVersionDate "2023.05.22"]
[SourceQuality "1"]

1. d4 d6 2. Nf3 f5 3. g3 g6 4. Bg2 Bg7 5. O-O Nf6 6. b3 O-O 7. Bb2 c6 8. c4 Qc7
9. Nc3 e5 10. dxe5 dxe5 11. e4 fxe4 12. Ng5 e3 13. fxe3 Na6 14. Qe2 Bf5 15.
Nce4 Rad8 16. Ba3 Nxe4 17. Bxe4 Bxe4 18. Bxf8 Bd3 19. Qg4 Bf5 20. Rxf5 gxf5 21.
Qxf5 Bxf8 22. Ne6 Qe7 23. Rf1 Re8 24. Ng5 Bh6 25. Nf7 Bxe3+ 26. Kg2 Qe6 27. Qe4
Bh6 28. Qh4 Bg7 29. Qh5 Qg6 30. Qe2 Nc5 0-1

[Event "Madrid ch Veteranos 2223"]
[Site "Madrid ESP"]
[Date "2023.04.18"]
[Round "2.11"]
[White "Martin Rodriguez, Emilio"]
[Black "Fiz Criado, Fidel"]
[Result "0-1"]
[WhiteElo "1965"]
[BlackElo "1807"]
[PlyCount "82"]
[EventDate "2023.04.17"]
[EventType "swiss"]
[EventRounds "9"]
[EventCountry "ESP"]
[SourceTitle "Ajedrez en Madrid"]
[Source "lmi"]
[SourceDate "2023.04.17"]
[SourceVersion "1"]
[SourceVersionDate "2023.05.22"]
[SourceQuality "1"]

1. d4 e6 2. Nf3 Nf6 3. Bg5 c5 4. e3 b6 5. d5 d6 6. Nc3 Be7 7. e4 e5 8. h3 a6 9.
a4 Bb7 10. Qd2 Nbd7 11. Nh4 Nxd5 12. Bxe7 Nxe7 13. Rd1 d5 14. exd5 O-O 15. Bc4
Ng6 16. Nxg6 hxg6 17. O-O Qh4 18. Qe2 f5 19. d6+ Kh8 20. Be6 Qg5 21. f4 Qd8 22.
Bxd7 Qxd7 23. fxe5 Rfe8 24. Rfe1 Re6 25. a5 b5 26. Qf2 Rc8 27. Nd5 Bxd5 28.
Rxd5 c4 29. Qb6 Rc6 30. Qxc6 Qxc6 31. Red1 Qd7 32. Rc5 Re8 33. Kh1 Kh7 34. Rdd5
Qe6 35. Rd4 g5 36. Kh2 Rc8 37. Rxc8 Qxe5+ 38. Kh1 Qxd4 39. Rc6 g4 40. hxg4 fxg4
41. Kh2 Qf4+ 0-1

[Event "Madrid ch Veteranos 2223"]
[Site "Madrid ESP"]
[Date "2023.04.18"]
[Round "2.12"]
[White "Martin Garcia, Luis I"]
[Black "Lopez-Andujar Ocaña, Antonio"]
[Result "1/2-1/2"]
[WhiteElo "1814"]
[BlackElo "1961"]
[PlyCount "175"]
[EventDate "2023.04.17"]
[EventType "swiss"]
[EventRounds "9"]
[EventCountry "ESP"]
[SourceTitle "Ajedrez en Madrid"]
[Source "lmi"]
[SourceDate "2023.04.17"]
[SourceVersion "1"]
[SourceVersionDate "2023.05.22"]
[SourceQuality "1"]

1. e4 e5 2. Nf3 Nc6 3. d4 exd4 4. Nxd4 Bc5 5. Be3 Qf6 6. c3 Nge7 7. Be2 Qg6 8.
Nxc6 Qxc6 9. Bxc5 Qxc5 10. O-O O-O 11. Nd2 d6 12. Nb3 Qg5 13. Qd4 Qf4 14. g3
Qh6 15. f4 Bh3 16. Rf2 Nc6 17. Qd2 Rae8 18. Bf3 Re7 19. Nd4 Bd7 20. Re1 Rfe8
21. Rfe2 Qg6 22. Re3 h6 23. Qe2 a6 24. Qd1 Qf6 25. Nxc6 Bxc6 26. Qd4 Qe6 27. b3
Qg6 28. Kf2 a5 29. c4 b6 30. a3 Bb7 31. b4 axb4 32. axb4 Ra8 33. R1e2 Ree8 34.
c5 dxc5 35. bxc5 Red8 36. Qb4 Ra1 37. Re1 Ra2+ 38. R1e2 Rxe2+ 39. Rxe2 Ba6 40.
Ra2 Bd3 41. cxb6 cxb6 42. Rd2 Rd7 43. Be2 Bxe2 44. Rxd7 Qh5 45. Rd8+ Kh7 46.
Ke3 Qf3+ 47. Kd2 b5 48. Qc5 Qxe4 49. Qc2 Qxc2+ 50. Kxc2 Kg6 51. Re8 Bc4 52. Re5
Kf6 53. h4 g6 54. Kc3 h5 55. Kd4 Bf1 56. Rc5 Bc4 57. Ke4 Bf1 58. Rc6+ Kg7 59.
Rb6 Bc4 60. Ke5 Kf8 61. Kf6 Kg8 62. f5 gxf5 63. Kxf5 Kg7 64. Kg5 Be2 65. Rb7
Kg8 66. Re7 Bf3 67. Re5 Bg4 68. Rxb5 Kg7 69. Rb6 Be2 70. Rh6 Bd1 71. Rxh5 f6+
72. Kf5 Bxh5 73. g4 Bg6+ 74. Kf4 Bc2 75. Kg3 Kg6 76. Kf4 Kf7 77. Kg3 Ke6 78.
Kf4 Bb1 79. g5 f5 80. h5 Bd3 81. Ke3 Bb5 82. h6 Kf7 83. Kf4 Bd3 84. Ke5 Kg6 85.
Kf4 Bc2 86. Ke5 Bb1 87. Kf4 Bd3 88. Ke5 1/2-1/2

[Event "Madrid ch Veteranos 2223"]
[Site "Madrid ESP"]
[Date "2023.04.18"]
[Round "2.13"]
[White "Cabañas Bravo, Juan Andres"]
[Black "Pareja Vicente, Antonio"]
[Result "0-1"]
[WhiteElo "1914"]
[BlackElo "1783"]
[PlyCount "102"]
[EventDate "2023.04.17"]
[EventType "swiss"]
[EventRounds "9"]
[EventCountry "ESP"]
[SourceTitle "Ajedrez en Madrid"]
[Source "lmi"]
[SourceDate "2023.04.17"]
[SourceVersion "1"]
[SourceVersionDate "2023.05.22"]
[SourceQuality "1"]

1. e4 e5 2. Nf3 Nc6 3. Bc4 Bc5 4. c3 Nf6 5. b4 Be7 6. d3 h6 7. b5 Na5 8. Nxe5
Nxc4 9. Nxc4 d5 10. Ncd2 dxe4 11. Nxe4 Qd5 12. O-O Nxe4 13. dxe4 Qxb5 14. Qb3
Bd7 15. Ba3 a6 16. Rd1 Be6 17. c4 Bxc4 18. Qg3 Bf6 19. Qxc7 Qc6 20. Qxc6+ bxc6
21. e5 Be7 22. Bd6 Bxd6 23. Rxd6 Rd8 24. Rxd8+ Kxd8 25. Nc3 Kc7 26. a3 Rb8 27.
Rb1 Rxb1+ 28. Nxb1 Kb6 29. Nc3 Kc5 30. f4 Be6 31. Kf2 Kd4 32. Ne2+ Kd3 33. h3
h5 34. Kf3 c5 35. g4 hxg4+ 36. hxg4 g6 37. Ng3 Bd5+ 38. Kf2 c4 39. f5 c3 40.
Ke1 c2 41. Ne2 gxf5 42. gxf5 Bc4 43. e6 fxe6 44. fxe6 Bxe6 45. Nc1+ Ke3 46. Ne2
a5 47. Nc1 Bc4 48. a4 Be6 49. Ne2 Bb3 50. Nc1 Bc4 51. Ne2 Kd3 0-1

[Event "Madrid ch Veteranos 2223"]
[Site "Madrid ESP"]
[Date "2023.04.18"]
[Round "2.15"]
[White "Toledo Aguirre, Gonzalo"]
[Black "Lopez de Turiso Sanchez, Jose Antonio"]
[Result "1/2-1/2"]
[WhiteElo "1749"]
[BlackElo "1904"]
[PlyCount "35"]
[EventDate "2023.04.17"]
[EventType "swiss"]
[EventRounds "9"]
[EventCountry "ESP"]
[SourceTitle "Ajedrez en Madrid"]
[Source "lmi"]
[SourceDate "2023.04.17"]
[SourceVersion "1"]
[SourceVersionDate "2023.05.22"]
[SourceQuality "1"]

1. Nf3 d5 2. d4 Bg4 3. c4 Bxf3 4. gxf3 e6 5. cxd5 exd5 6. Nc3 c6 7. Bf4 Bd6 8.
Qd2 Ne7 9. e4 Bxf4 10. Qxf4 dxe4 11. O-O-O O-O 12. fxe4 Ng6 13. Qg3 Qh4 14.
Qxh4 Nxh4 15. f4 Nd7 16. f5 g5 17. Bd3 f6 18. Bc4+ 1/2-1/2

[Event "Madrid ch Veteranos 2223"]
[Site "Madrid ESP"]
[Date "2023.04.18"]
[Round "2.16"]
[White "Estrada Martinez, Cesar"]
[Black "Sanchez Peral, Pedro"]
[Result "1/2-1/2"]
[WhiteElo "1903"]
[BlackElo "1761"]
[PlyCount "84"]
[EventDate "2023.04.17"]
[EventType "swiss"]
[EventRounds "9"]
[EventCountry "ESP"]
[SourceTitle "Ajedrez en Madrid"]
[Source "lmi"]
[SourceDate "2023.04.17"]
[SourceVersion "1"]
[SourceVersionDate "2023.05.22"]
[SourceQuality "1"]

1. e4 c5 2. Nf3 a6 3. d4 cxd4 4. Nxd4 e6 5. Be2 Qc7 6. O-O Nc6 7. Be3 Nf6 8.
Nc3 b5 9. a3 Bb7 10. f4 Bc5 11. e5 Qb6 12. exf6 Nxd4 13. Kh1 Nxe2 14. Bxc5 Qxc5
15. fxg7 Rg8 16. Qxe2 Rxg7 17. Rf2 Ke7 18. f5 f6 19. fxe6 dxe6 20. Rg1 Rag8 21.
Nd1 h5 22. Ne3 h4 23. Nf5+ Qxf5 24. Rxf5 Rxg2 25. Rxg2 Rxg2 26. Qxg2 Bxg2+ 27.
Kxg2 exf5 28. Kh3 Ke6 29. Kxh4 Ke5 30. Kg3 Ke4 31. Kf2 Kf4 32. b3 a5 33. c3 Kg4
34. c4 a4 35. bxa4 bxc4 36. a5 c3 37. Ke1 f4 38. a6 f3 39. a7 c2 40. Kd2 f2 41.
a8=Q c1=Q+ 42. Kxc1 f1=Q+ 1/2-1/2

[Event "Madrid ch Veteranos 2223"]
[Site "Madrid ESP"]
[Date "2023.04.18"]
[Round "2.17"]
[White "Moreno Torrero, Javier"]
[Black "Jimenez Jimenez, Jose Luis"]
[Result "1-0"]
[WhiteElo "1891"]
[BlackElo "1737"]
[PlyCount "79"]
[EventDate "2023.04.17"]
[EventType "swiss"]
[EventRounds "9"]
[EventCountry "ESP"]
[SourceTitle "Ajedrez en Madrid"]
[Source "lmi"]
[SourceDate "2023.04.17"]
[SourceVersion "1"]
[SourceVersionDate "2023.05.22"]
[SourceQuality "1"]

1. e4 e5 2. Nf3 Nc6 3. Bb5 a6 4. Ba4 Nf6 5. O-O d6 6. c3 b5 7. Bb3 Be7 8. Re1
O-O 9. h3 Na5 10. Bc2 c5 11. d4 Qc7 12. Nbd2 Be6 13. d5 Bd7 14. Nf1 Rfc8 15.
Ng3 b4 16. Nh2 bxc3 17. bxc3 g6 18. Bg5 Nxd5 19. Bxe7 Nxe7 20. Qf3 Qd8 21. Qf6
Be6 22. Red1 Nec6 23. Qf3 Nc4 24. Nf5 Bxf5 25. exf5 Qg5 26. fxg6 hxg6 27. Bb3
N6a5 28. Qd5 Nxb3 29. axb3 Nb6 30. Qxd6 Rab8 31. Nf3 Qf5 32. Rxa6 Qc2 33. Re1
e4 34. Ng5 Qxb3 35. Nxe4 Nc4 36. Qe7 Kg7 37. Rxg6+ Kxg6 38. Qf6+ Kh7 39. Ng5+
Kg8 40. Qxf7+ 1-0

[Event "Madrid ch Veteranos 2223"]
[Site "Madrid ESP"]
[Date "2023.04.18"]
[Round "2.18"]
[White "De Juan Rivas, Antonio"]
[Black "Villares Galiano, Luis"]
[Result "0-1"]
[WhiteElo "1408"]
[BlackElo "1887"]
[PlyCount "106"]
[EventDate "2023.04.17"]
[EventType "swiss"]
[EventRounds "9"]
[EventCountry "ESP"]
[SourceTitle "Ajedrez en Madrid"]
[Source "lmi"]
[SourceDate "2023.04.17"]
[SourceVersion "1"]
[SourceVersionDate "2023.05.22"]
[SourceQuality "1"]

1. f4 e5 2. fxe5 d6 3. Nf3 dxe5 4. d3 Nc6 5. Nbd2 Be6 6. Ne4 h6 7. Be3 f5 8.
Nc5 Bxc5 9. Bxc5 Qf6 10. e4 O-O-O 11. Qe2 f4 12. Qf2 b6 13. Ba3 g5 14. Be2 Kb8
15. b3 Nge7 16. c3 Ng6 17. h3 h5 18. Bb2 g4 19. hxg4 hxg4 20. Rxh8 Rxh8 21. Nd2
Rh1+ 22. Bf1 Bc8 23. O-O-O Qg5 24. Kb1 g3 25. Qe1 Nh4 26. Qe2 Bg4 27. Nf3 Bxf3
28. gxf3 g2 29. Bxg2 Qxg2 30. Qxg2 Rxd1+ 31. Kc2 Nxg2 32. Kxd1 Kc8 33. d4 Kd7
34. Ke2 Nh4 35. dxe5 Nxe5 36. Bc1 Nhg6 37. Bd2 Ke6 38. a4 Nd7 39. b4 a6 40. c4
c6 41. c5 bxc5 42. bxc5 Nxc5 43. a5 Kd7 44. Kd1 Ne6 45. Kc2 Ne5 46. Kc3 Nxf3
47. Bxf4 Nxf4 48. Kc4 Kd6 49. Kb4 Ne5 50. Kb3 Kc5 51. Ka2 Kc4 52. Ka3 c5 53.
Kb2 Kd3 0-1

[Event "Madrid ch Veteranos 2223"]
[Site "Madrid ESP"]
[Date "2023.04.18"]
[Round "2.19"]
[White "Alvarez Abejon, Amilcar"]
[Black "Carbo de Haya, Jaime"]
[Result "1-0"]
[WhiteElo "1875"]
[BlackElo "1238"]
[PlyCount "74"]
[EventDate "2023.04.17"]
[EventType "swiss"]
[EventRounds "9"]
[EventCountry "ESP"]
[SourceTitle "Ajedrez en Madrid"]
[Source "lmi"]
[SourceDate "2023.04.17"]
[SourceVersion "1"]
[SourceVersionDate "2023.05.22"]
[SourceQuality "1"]

1. e4 c5 2. Nc3 d6 3. f4 e6 4. Nf3 a6 5. d4 cxd4 6. Qxd4 Nc6 7. Qf2 g6 8. Bc4
Bg7 9. O-O Nf6 10. Bb3 b5 11. Qe2 O-O 12. f5 exf5 13. Bg5 Re8 14. Qd2 fxe4 15.
Nh4 e3 16. Bxe3 Rxe3 17. Qxe3 Ra7 18. Nf3 Ng4 19. Qe2 Qb6+ 20. Kh1 Nd4 21. Rad1
Nxf3 22. Rxf3 Ne5 23. Rff1 Rd7 24. Qf2 Qc7 25. Nd5 Qd8 26. Nf6+ Bxf6 27. Qxf6
Qxf6 28. Rxf6 Ng4 29. Rf4 Re7 30. h3 g5 31. Rf3 Ne5 32. Re3 Kf8 33. Rxd6 Nc4
34. Rd8+ Kg7 35. Rxe7 Be6 36. Rxe6 fxe6 37. Bxc4 bxc4 1-0

[Event "Madrid ch Veteranos 2223"]
[Site "Madrid ESP"]
[Date "2023.04.18"]
[Round "2.20"]
[White "Lopez Molina, Francisco"]
[Black "Garcia Galeote, Lorenzo"]
[Result "1-0"]
[WhiteElo "1905"]
[BlackElo "1896"]
[PlyCount "101"]
[EventDate "2023.04.17"]
[EventType "swiss"]
[EventRounds "9"]
[EventCountry "ESP"]
[SourceTitle "Ajedrez en Madrid"]
[Source "lmi"]
[SourceDate "2023.04.17"]
[SourceVersion "1"]
[SourceVersionDate "2023.05.22"]
[SourceQuality "1"]

1. d4 g6 2. c4 Bg7 3. Nc3 d6 4. e4 Nc6 5. Be3 e5 6. d5 Nce7 7. f4 exf4 8. Bxf4
Nf6 9. h3 O-O 10. Nf3 Re8 11. Bd3 Nh5 12. Bh2 f5 13. O-O c6 14. Qc2 fxe4 15.
Bxe4 Nf5 16. Rae1 Qb6+ 17. Qf2 Nhg3 18. Bxf5 Rxe1 19. Rxe1 Nxf5 20. g4 Nh4 21.
Kf1 Nxf3 22. Qxf3 Bxg4 23. Qxg4 Rf8+ 24. Bf4 Bh6 25. Re8 Rxe8 26. Bxh6 Qc7 27.
Qd4 Qf7+ 28. Kg2 c5 29. Qf4 Qe7 30. Kf3 Qe1 31. Qxd6 Qf1+ 32. Kg4 Qxc4+ 33. Qf4
Qd3 34. Qf6 Qd4+ 35. Qxd4 cxd4 36. Nb5 Rd8 37. Nc7 Rd7 38. Bf4 g5 39. Be5 d3
40. Kf3 d2 41. Ke2 Re7 42. Ne6 Rd7 43. d6 Kf7 44. Nc5 Rd8 45. Kxd2 b6 46. Nd3
Ke6 47. Ke3 Kd5 48. Bg3 h5 49. Nb4+ Kc4 50. Nc6 Re8+ 51. Kd2 1-0

[Event "Madrid ch Veteranos 2223"]
[Site "Madrid ESP"]
[Date "2023.04.18"]
[Round "2.21"]
[White "Pashov, Spas Nikolov"]
[Black "Perez Pascual, Arturo"]
[Result "0-1"]
[WhiteElo "1794"]
[BlackElo "1622"]
[PlyCount "61"]
[EventDate "2023.04.17"]
[EventType "swiss"]
[EventRounds "9"]
[EventCountry "ESP"]
[SourceTitle "Ajedrez en Madrid"]
[Source "lmi"]
[SourceDate "2023.04.17"]
[SourceVersion "1"]
[SourceVersionDate "2023.05.22"]
[SourceQuality "1"]

1. e4 e5 2. Nf3 Nf6 3. Bc4 Nxe4 4. Nc3 Nxc3 5. dxc3 f6 6. Nh4 g6 7. f4 Qe7 8.
f5 Qg7 9. fxg6 hxg6 10. Qg4 Kd8 11. Qg3 g5 12. Nf5 Qg6 13. Bd3 Qe8 14. O-O d6
15. Qf3 Nc6 16. Ng3 Be7 17. Bf5 Bxf5 18. Nxf5 Bf8 19. Ne3 Be7 20. Bd2 Qd7 21.
b4 Rf8 22. b5 Nb8 23. a4 Qe6 24. a5 e4 25. Qf5 Nd7 26. Ra4 Qxf5 27. Nxf5 d5 28.
c4 Bc5+ 29. Be3 Bxe3+ 30. Nxe3 d4 31. Nd5 0-1

[Event "Madrid ch Veteranos 2223"]
[Site "Madrid ESP"]
[Date "2023.04.18"]
[Round "2.22"]
[White "Rodriguez Rodriguez, Ricardo"]
[Black "Alonso Abad, Enrique"]
[Result "1-0"]
[WhiteElo "1568"]
[BlackElo "1901"]
[PlyCount "79"]
[EventDate "2023.04.17"]
[EventType "swiss"]
[EventRounds "9"]
[EventCountry "ESP"]
[SourceTitle "Ajedrez en Madrid"]
[Source "lmi"]
[SourceDate "2023.04.17"]
[SourceVersion "1"]
[SourceVersionDate "2023.05.22"]
[SourceQuality "1"]

1. e4 c5 2. Nf3 Nc6 3. d3 e6 4. g3 d5 5. Nbd2 Nf6 6. Bg2 Be7 7. O-O a6 8. Re1
O-O 9. e5 Nd7 10. c3 b5 11. Nf1 Qb6 12. h4 f6 13. d4 cxd4 14. cxd4 fxe5 15.
dxe5 Bb7 16. Be3 Bc5 17. Bxc5 Nxc5 18. Ne3 Ne4 19. Rc1 a5 20. Re2 b4 21. Nxd5
exd5 22. Qxd5+ Kh8 23. Qxe4 Ne7 24. Qg4 Rad8 25. Ng5 Rd4 26. Qh5 h6 27. Bxb7
Qxb7 28. Ne6 Rfd8 29. Nxd8 Rxd8 30. Qf7 Rd7 31. e6 Rc7 32. Rd1 Nd5 33. Qf5 Ne7
34. Qf8+ Kh7 35. h5 Rc8 36. Qf7 Rc7 37. Kh2 Qb5 38. Red2 Qc5 39. Rd7 Rxd7 40.
Rxd7 1-0

[Event "Madrid ch Veteranos 2223"]
[Site "Madrid ESP"]
[Date "2023.04.18"]
[Round "2.23"]
[White "Diaz Begonte, Manuel"]
[Black "Ruiz Quevedo, Andres"]
[Result "1/2-1/2"]
[WhiteElo "1536"]
[BlackElo "1827"]
[PlyCount "50"]
[EventDate "2023.04.17"]
[EventType "swiss"]
[EventRounds "9"]
[EventCountry "ESP"]
[SourceTitle "Ajedrez en Madrid"]
[Source "lmi"]
[SourceDate "2023.04.17"]
[SourceVersion "1"]
[SourceVersionDate "2023.05.22"]
[SourceQuality "1"]

1. e4 c5 2. d4 cxd4 3. c3 g6 4. cxd4 d5 5. e5 Bg7 6. Nc3 Nh6 7. Nf3 O-O 8. Bd3
Nc6 9. h3 f6 10. O-O fxe5 11. dxe5 Nf7 12. Bf4 Nfxe5 13. Bxe5 Nxe5 14. Nxe5
Bxe5 15. Qe2 Bxc3 16. bxc3 Qd6 17. Rad1 Qf6 18. Qd2 e5 19. Bc2 Be6 20. Bb3 Rad8
21. Qe3 Bf7 22. Qxa7 d4 23. Bxf7+ Rxf7 24. cxd4 exd4 25. Qa4 d3 1/2-1/2

[Event "Madrid ch Veteranos 2223"]
[Site "Madrid ESP"]
[Date "2023.04.18"]
[Round "2.24"]
[White "Hernandez Gutierrez, Jose"]
[Black "Villodre Miranda, Juan Alonso"]
[Result "1-0"]
[WhiteElo "1767"]
[BlackElo "1537"]
[PlyCount "34"]
[EventDate "2023.04.17"]
[EventType "swiss"]
[EventRounds "9"]
[EventCountry "ESP"]
[SourceTitle "Ajedrez en Madrid"]
[Source "lmi"]
[SourceDate "2023.04.17"]
[SourceVersion "1"]
[SourceVersionDate "2023.05.22"]
[SourceQuality "1"]

1. d4 d5 2. c4 c6 3. Nf3 e6 4. e3 g6 5. Bd3 Nf6 6. O-O Bg7 7. Nc3 O-O 8. b3
Nbd7 9. Bb2 b6 10. e4 Nxe4 11. Nxe4 dxe4 12. Bxe4 Bb7 13. Qc2 Nf6 14. Bd3 Ng4
15. Kh1 c5 16. Be4 Bxe4 17. Qxe4 Nf6 1-0

[Event "Madrid ch Veteranos 2223"]
[Site "Madrid ESP"]
[Date "2023.04.18"]
[Round "2.25"]
[White "Martinez Miura, Enrique"]
[Black "Cano Mercado, Francisco Manuel"]
[Result "1/2-1/2"]
[WhiteElo "1519"]
[BlackElo "1728"]
[PlyCount "81"]
[EventDate "2023.04.17"]
[EventType "swiss"]
[EventRounds "9"]
[EventCountry "ESP"]
[SourceTitle "Ajedrez en Madrid"]
[Source "lmi"]
[SourceDate "2023.04.17"]
[SourceVersion "1"]
[SourceVersionDate "2023.05.22"]
[SourceQuality "1"]

1. e4 c6 2. d4 d5 3. Nc3 dxe4 4. Nxe4 Nd7 5. Nf3 Ngf6 6. Nxf6+ Nxf6 7. Be2 Bg4
8. h3 Bh5 9. Bf4 e6 10. O-O Bd6 11. Bxd6 Qxd6 12. c3 O-O 13. Ne5 Bxe2 14. Qxe2
c5 15. Rfd1 cxd4 16. Rxd4 Qb6 17. Rad1 Rad8 18. Nd7 Rxd7 19. Rxd7 Nxd7 20. Rxd7
h6 21. Qd2 Qb5 22. b3 Qc6 23. c4 a6 24. Rd6 Qe4 25. Rd4 Qe5 26. Rd7 b5 27. cxb5
axb5 28. Rd8 Rxd8 29. Qxd8+ Kh7 30. Qa5 Qa1+ 31. Kh2 Qe5+ 32. g3 Qe2 33. Kg2
Qe4+ 34. Kg1 b4 35. a3 bxa3 36. Qxa3 Qe1+ 37. Kg2 Qe4+ 38. Kg1 Qf3 39. Qa4 Qd1+
40. Kg2 Qd5+ 41. Kg1 1/2-1/2

[Event "Madrid ch Veteranos 2223"]
[Site "Madrid ESP"]
[Date "2023.04.18"]
[Round "2.26"]
[White "Perez Hernandez, Alfonso"]
[Black "Jimenez Ascarza, Jose Ignacio"]
[Result "1-0"]
[WhiteElo "1719"]
[BlackElo "1534"]
[PlyCount "103"]
[EventDate "2023.04.17"]
[EventType "swiss"]
[EventRounds "9"]
[EventCountry "ESP"]
[SourceTitle "Ajedrez en Madrid"]
[Source "lmi"]
[SourceDate "2023.04.17"]
[SourceVersion "1"]
[SourceVersionDate "2023.05.22"]
[SourceQuality "1"]

1. Nf3 Nf6 2. g3 g6 3. Bg2 Bg7 4. O-O O-O 5. c4 d6 6. Nc3 c5 7. d4 Nc6 8. dxc5
dxc5 9. Be3 Be6 10. Bxc5 Bxc4 11. Qa4 Ba6 12. Rad1 Qc7 13. b4 Ne5 14. Nxe5 Qxe5
15. Bd4 Qh5 16. b5 e5 17. Be3 Ng4 18. h3 Nxe3 19. fxe3 e4 20. Nd5 Rfd8 21. Ne7+
Kf8 22. bxa6 Rxd1 23. Rxd1 b5 24. Qxe4 Re8 25. Qb4 Qxe2 26. Nd5+ Kg8 27. Re1
Qd3 28. Qb3 Qd2 29. Rd1 Qe2 30. Bf1 Qf3 31. Qc2 Qxg3+ 32. Qg2 Qe5 33. Bxb5 Rc8
34. Bd3 Bh6 35. Qf3 Rd8 36. Nf6+ Kg7 37. Ng4 Qg5 38. Kh1 f5 39. Nxh6 Qxh6 40.
Be2 Re8 41. Rd3 Qh4 42. Rd4 Qe1+ 43. Kh2 Qc3 44. Rd3 Qe5+ 45. Qf4 Qb2 46. Qc7+
Kh6 47. Qf4+ g5 48. Rd6+ Kg7 49. Qxg5+ Kh8 50. Qf6+ Qxf6 51. Rxf6 Rxe3 52. Bc4
1-0

[Event "Madrid ch Veteranos 2223"]
[Site "Madrid ESP"]
[Date "2023.04.18"]
[Round "2.27"]
[White "Becerra Baigorri, Jose"]
[Black "Balsera Gomez, Antonio"]
[Result "0-1"]
[WhiteElo "1505"]
[BlackElo "1718"]
[PlyCount "88"]
[EventDate "2023.04.17"]
[EventType "swiss"]
[EventRounds "9"]
[EventCountry "ESP"]
[SourceTitle "Ajedrez en Madrid"]
[Source "lmi"]
[SourceDate "2023.04.17"]
[SourceVersion "1"]
[SourceVersionDate "2023.05.22"]
[SourceQuality "1"]

1. e4 e5 2. Nf3 Nc6 3. Bb5 a6 4. Ba4 Nf6 5. O-O Be7 6. Re1 b5 7. Bb3 d6 8. c3
O-O 9. h3 Na5 10. Bc2 c5 11. d4 Nd7 12. Nbd2 exd4 13. cxd4 Nc6 14. Nf1 cxd4 15.
Nxd4 Nxd4 16. Qxd4 Ne5 17. Ne3 Bf6 18. Qd1 Nc4 19. Nxc4 bxc4 20. Rb1 Qc7 21.
Be3 Bb7 22. Bd4 Be5 23. Rf1 d5 24. Bxe5 Qxe5 25. exd5 Bxd5 26. Qg4 Be6 27. Qh4
g6 28. Rfe1 Qa5 29. a3 Rab8 30. Qf6 Rb6 31. Qd4 Rfb8 32. Re5 Rb5 33. Rxb5 Rxb5
34. Be4 Qc7 35. Rd1 Qe7 36. Rd2 a5 37. Bc6 Rc5 38. Bf3 Rc7 39. Qb6 Qc5 40. Rd6
Qxb6 41. Rxb6 c3 42. bxc3 Rxc3 43. a4 Bd7 44. Ra6 Rc5 0-1

[Event "Madrid ch Veteranos 2223"]
[Site "Madrid ESP"]
[Date "2023.04.18"]
[Round "2.28"]
[White "Lopez Heras, Arturo"]
[Black "Lopez Guitian, Juan J."]
[Result "1/2-1/2"]
[WhiteElo "1708"]
[BlackElo "1518"]
[PlyCount "91"]
[EventDate "2023.04.17"]
[EventType "swiss"]
[EventRounds "9"]
[EventCountry "ESP"]
[SourceTitle "Ajedrez en Madrid"]
[Source "lmi"]
[SourceDate "2023.04.17"]
[SourceVersion "1"]
[SourceVersionDate "2023.05.22"]
[SourceQuality "1"]

1. e4 e5 2. Nf3 Nc6 3. d4 exd4 4. Nxd4 Bc5 5. Nxc6 Qf6 6. Qd2 bxc6 7. Nc3 Qg6
8. Qg5 Qxg5 9. Bxg5 h6 10. Bf4 d6 11. Bc4 Nf6 12. h3 O-O 13. O-O Be6 14. Bxe6
fxe6 15. Bg3 Rab8 16. Rab1 e5 17. Kh2 Nh5 18. Na4 Nxg3 19. Kxg3 Bb6 20. Nxb6
Rxb6 21. b3 a5 22. a4 Rfb8 23. f4 exf4+ 24. Rxf4 Rf8 25. Rxf8+ Kxf8 26. Rf1+
Ke7 27. Rf5 c5 28. Rd5 c6 29. Rd3 Ke6 30. Kf4 Rb8 31. Rg3 Rf8+ 32. Ke3 Rf7 33.
Kd3 Ke5 34. c3 g5 35. Rf3 Rb7 36. Rf5+ Ke6 37. Rf8 Rxb3 38. Ra8 Rb2 39. Rxa5
Rxg2 40. Ra8 Rg3+ 41. Kc4 Rg1 42. a5 Ra1 43. a6 Kf7 44. a7 Kg7 45. Rd8 Rxa7 46.
Rxd6 1/2-1/2